Synopsis quattuor evangeliorum: locis parallelis evangeliorum apocryphorum et patrum adhibitis edidit
Gespeichert in:
| 1. Verfasser: | |
|---|---|
| Format: | Buch |
| Sprache: | Spanisch Deutsch Englisch Altgriechisch |
| Veröffentlicht: |
Stuttgart, Germany:
Deutsche Bibelgesellschaft,
1996.
|
| Ausgabe: | Editio quindecima revisa. |
| Schlagworte: | |
| Tags: |
Tag hinzufügen
Keine Tags, Fügen Sie den ersten Tag hinzu!
|
MARC
| LEADER | 00000cam a2200000 a 4500 | ||
|---|---|---|---|
| 001 | UCC4355 | ||
| 003 | CL-VaPUC | ||
| 005 | 20231113105750.0 | ||
| 008 | 180727e19960000gw |||||||||||||||||spa|d | ||
| 020 | |a 9783438051301 | ||
| 040 | |c Pontificia Universidad Católica de Valparaíso | ||
| 041 | 0 | 7 | |a spa |2 CL-VaPUC |
| 041 | 0 | 7 | |a ger |2 CL-VaPUC |
| 041 | 0 | 7 | |a eng |2 CL-VaPUC |
| 041 | 0 | 7 | |a grc |2 CL-VaPUC |
| 082 | 0 | 4 | |a 226.1 ALA 1996 |2 21 |
| 100 | 0 | |a Aland, Kurt |e author |9 598580 | |
| 245 | 1 | 0 | |a Synopsis quattuor evangeliorum: locis parallelis evangeliorum apocryphorum et patrum adhibitis edidit |
| 250 | |a Editio quindecima revisa. | ||
| 260 | |a Stuttgart, Germany: |b Deutsche Bibelgesellschaft, |c 1996. | ||
| 300 | |a 606 páginas. | ||
| 583 | |a last modification |c 20180727 12:54:00 |k Rodrigo Vera | ||
| 650 | 0 | |a Evangelios |9 314864 | |
| 650 | 0 | |a Evangelios apócrifos |9 269345 | |
| 650 | 0 | |a Evangelistas |9 315131 | |
| 650 | 0 | |a Nuevo testamento |9 257604 | |
| 942 | |c BK |2 ddc | ||
| 945 | |d 20180727 12:54:00 |a dcastane | ||
| 999 | |c 371907 |d 371905 | ||
| 952 | |0 0 |1 0 |3 erd |4 0 |6 226_100000000000000_ALA_1996 |7 0 |8 A |9 489113 |a BIBTEO |b BIBTEO |i 5483875 |o 226.1 ALA 1996 |p 5483875 |r 2025-01-17 |w 2019-11-24 |y BK |z Catalogado en:20180727 |k ICR | ||
| 952 | |0 0 |1 0 |2 ddc |4 0 |6 226_100000000000000_ALA_1996 |7 0 |8 A |9 592449 |a BIBTEO |b BIBTEO |c GEN |d 2023-11-10 |e 8 |g 52500.00 |i 5659503 |o 226.1 ALA 1996 |p 5659503 |r 2025-01-17 |t 2 |v 52500.00 |w 2023-11-10 |y BK |k ICR | ||